[Event "KreisEM Mfr. Mitte"]
[Site "Nürnberg"]
[Date "2018.01.19"]
[Round "1.1"]
[White "Meulner, Klaus"]
[Black "Ehmer, Marty"]
[Result "0-1"]
[WhiteElo "2128"]
[BlackElo "1637"]
[PlyCount "108"]
[EventDate "2018.??.??"]
[WhiteTeam "SW Nürnberg Süd"]
[BlackTeam "SW Nürnberg Süd"]

1. Nf3 d5 2. c4 e6 3. g3 Nf6 4. Bg2 c5 5. O-O Nc6 6. b3 Be7 7. e3 Ne4 8. Bb2
Bf6 9. Qc2 Nb4 10. Qc1 Nd3 11. Qc2 Bxb2 12. Ne1 Bxa1 13. Nxd3 b6 14. Nf4 Nf6
15. d4 cxd4 16. Rd1 Bb7 17. exd4 Qd6 18. c5 bxc5 19. dxc5 Qc6 20. Nd3 Rc8 21.
Nd2 Bd4 22. b4 Ne4 23. Nb3 Bf6 24. Na5 Qc7 25. Qa4+ Ke7 26. Qa3 Nc3 27. Re1 Ba6
28. Nf4 Rhd8 29. Nh5 Ne2+ 30. Kh1 Nd4 31. Rb1 Bc4 32. Qc1 Nc6 33. Nxc4 dxc4 34.
Qxc4 Rd7 35. Qb5 Nxb4 36. Rxb4 Rd1+ 37. Bf1 Qxc5 38. Kg2 Rd2 39. Qxc5+ Rxc5 40.
Nxf6 Kxf6 41. a4 e5 42. Rb3 g5 43. h3 Rcc2 44. Rf3+ Ke6 45. Bd3 Rc5 46. Bxh7
Ra2 47. Bf5+ Ke7 48. a5 Raxa5 49. h4 gxh4 50. gxh4 Ra4 51. Rh3 Rcc4 52. Kg3
Ra3+ 53. f3 Kf6 54. Bh7 e4 0-1

[Event "KreisEM Mfr. Mitte"]
[Site "Nürnberg"]
[Date "2018.01.19"]
[Round "1.2"]
[White "Wettermann, Bernd"]
[Black "Erlbeck, Peter"]
[Result "0-1"]
[WhiteElo "1761"]
[BlackElo "2094"]
[PlyCount "82"]
[EventDate "2018.??.??"]
[WhiteTeam "Zabo-Eintracht Nürnberg"]
[BlackTeam "SW Nürnberg Süd"]

1. e4 c5 2. Nc3 Nc6 3. g3 g6 4. d3 Bg7 5. Bg2 d6 6. Nge2 e6 7. O-O Nge7 8. Be3
Nd4 9. Qd2 Rb8 10. Rab1 h5 11. Nf4 h4 12. Nd1 e5 13. Nd5 Nxd5 14. exd5 Nf5 15.
b4 Nxe3 16. Nxe3 hxg3 17. fxg3 Qc7 18. Qf2 O-O 19. bxc5 Qxc5 20. Nc4 Bd7 21.
Qxc5 dxc5 22. Rbe1 f6 23. Be4 b5 24. Nd2 f5 25. Bg2 Rb6 26. a4 Re8 27. axb5
Bxb5 28. Ra1 e4 29. Rxa7 exd3 30. c4 Bd4+ 31. Kh1 Ba6 32. g4 Bc3 33. gxf5 gxf5
34. Rxf5 Bxd2 35. h4 Bh6 36. d6 Bxc4 37. Rf6 Rb1+ 38. Kh2 Bf4+ 39. Rxf4 d2 40.
d7 Rd8 41. Re4 d1=Q 0-1

[Event "KreisEM Mfr. Mitte"]
[Site "Nürnberg"]
[Date "2018.01.19"]
[Round "1.3"]
[White "Mantel, Ruben"]
[Black "Weißmann, Peter"]
[Result "1-0"]
[WhiteElo "2013"]
[BlackElo "1731"]
[PlyCount "73"]
[EventDate "2018.??.??"]
[WhiteTeam "SC Noris-Tarrasch Nürnberg"]
[BlackTeam "SK Zirndorf"]

1. d4 Nf6 2. Nf3 e6 3. Bf4 d5 4. e3 Bd6 5. Bg3 b6 6. Nbd2 Bb7 7. Bd3 O-O 8. Ne5
c5 9. c3 Nc6 10. Ndf3 Bxe5 11. dxe5 Nd7 12. Bh4 Qe8 13. Ng5 g6 14. f4 f5 15.
Qf3 c4 16. Bc2 Nc5 17. Rd1 d4 18. Qh3 d3 19. Bb1 h6 20. Nf3 Ne4 21. Nd2 Nxd2
22. Rxd2 Rf7 23. O-O Rh7 24. Bf6 Ne7 25. b3 b5 26. a4 a6 27. Ba2 Bd5 28. bxc4
bxc4 29. Rb2 Kf7 30. Rfb1 Qxa4 31. Qh4 Re8 32. Bxe7 Rxe7 33. Qf6+ Ke8 34. Rb8+
Kd7 35. Qf8 Kc6 36. Rc8+ Rc7 37. Qd6# 1-0

[Event "KreisEM Mfr. Mitte"]
[Site "Nürnberg"]
[Date "2018.01.19"]
[Round "1.4"]
[White "Albayrak, Aylin"]
[Black "Leis, Stefan"]
[Result "1/2-1/2"]
[WhiteElo "1682"]
[BlackElo "1967"]
[PlyCount "41"]
[EventDate "2018.??.??"]
[WhiteTeam "Zabo-Eintracht Nürnberg"]
[BlackTeam "SC Mühlhof-Reichelsdorf"]

1. d4 Nf6 2. c4 e6 3. Nf3 d5 4. Nc3 dxc4 5. e4 Bb4 6. e5 Nd5 7. Bd2 Bxc3 8.
bxc3 b5 9. a4 c6 10. axb5 cxb5 11. g3 Bb7 12. Bg2 h6 13. O-O O-O 14. Nh4 Nc6
15. Qg4 Kh8 16. Qh5 Qd7 17. Bxh6 gxh6 18. Qxh6+ Kg8 19. Qg5+ Kh8 20. Qh6+ Kg8
21. Qg5+ 1/2-1/2

[Event "KreisEM Mfr. Mitte"]
[Site "Nürnberg"]
[Date "2018.01.19"]
[Round "1.5"]
[White "Adelhütte, Dennis"]
[Black "Dietrich, Thomas"]
[Result "1-0"]
[WhiteElo "1938"]
[BlackElo "1596"]
[PlyCount "67"]
[EventDate "2018.??.??"]
[WhiteTeam "SC JÄKLECHEMIE"]
[BlackTeam "SC Anderssen"]

1. d4 d5 2. c4 c6 3. Nc3 e6 4. e4 Nf6 5. e5 Nfd7 6. Be3 Nb6 7. c5 N6d7 8. Nf3
b6 9. b4 a5 10. a3 Ba6 11. Bxa6 Nxa6 12. Rb1 Be7 13. Qd3 b5 14. O-O O-O 15. Nd2
f6 16. exf6 Nxf6 17. f4 Nc7 18. Nf3 axb4 19. axb4 Ng4 20. Bd2 Ne8 21. Rbe1 Nc7
22. h3 Nf6 23. Ne5 Qe8 24. g4 Ra3 25. Ra1 Qa8 26. Rxa3 Qxa3 27. Nxc6 Bd8 28.
Rf3 Ne4 29. Nxe4 Qxd3 30. Rxd3 dxe4 31. Re3 g5 32. Rxe4 gxf4 33. Bxf4 Bh4 34.
Bxc7 1-0

[Event "KreisEM Mfr. Mitte"]
[Site "Nürnberg"]
[Date "2018.01.19"]
[Round "1.6"]
[White "Berg, Winfried"]
[Black "Bauer, Karlheinz"]
[Result "0-1"]
[WhiteElo "1578"]
[BlackElo "2120"]
[PlyCount "62"]
[EventDate "2018.??.??"]
[WhiteTeam "SW Nürnberg Süd"]
[BlackTeam "SC Noris-Tarrasch Nürnberg"]

1. d4 Nf6 2. c4 g6 3. Nc3 c5 4. Nf3 cxd4 5. Nxd4 Bg7 6. e4 Nc6 7. Nxc6 bxc6 8.
Be2 d6 9. f3 Qb6 10. Na4 Qc7 11. Rb1 O-O 12. Be3 Nd7 13. O-O Rd8 14. Qd2 Nf8
15. Nc3 e5 16. b4 Ne6 17. b5 Nd4 18. bxc6 Qxc6 19. Nd5 Re8 20. Rb4 Be6 21. Rfb1
Rac8 22. Bd3 f5 23. Bh6 Bxd5 24. Bxg7 fxe4 25. cxd5 Qc5 26. Kf1 exd3 27. Bh6
Nf5 28. Rb7 Rc7 29. Qg5 Rec8 30. Rb8 Qc2 31. Qf6 Nxh6 0-1

[Event "KreisEM Mfr. Mitte"]
[Site "Nürnberg"]
[Date "2018.01.19"]
[Round "1.7"]
[White "Rhein, Thomas"]
[Black "Müller, Ludwig"]
[Result "1-0"]
[WhiteElo "1830"]
[BlackElo "1781"]
[PlyCount "97"]
[EventDate "2018.??.??"]
[WhiteTeam "SW Nürnberg Süd"]
[BlackTeam "SGem Nürnberg"]

1. d4 Nf6 2. Nf3 e6 3. Bg5 h6 4. Bxf6 Qxf6 5. e4 b6 6. Bd3 Bb7 7. Nbd2 d6 8.
Qe2 Nd7 9. O-O-O O-O-O 10. Ba6 Nb8 11. Bxb7+ Kxb7 12. a4 Nc6 13. Nb3 d5 14. Kb1
dxe4 15. Qxe4 Qf5 16. Qxf5 exf5 17. d5 Ne7 18. c4 Ng6 19. Nbd4 f4 20. h4 Bd6
21. Nf5 Rhg8 22. Rhe1 f6 23. Re4 Ne5 24. Nxd6+ cxd6 25. Rxf4 Nxf3 26. Rxf3 Rde8
27. b3 Re2 28. Rdd3 Rge8 29. Kc1 Kc7 30. Rde3 R8xe3 31. Rxe3 Rxe3 32. fxe3 g5
33. b4 a5 34. b5 Kd7 35. Kd2 Ke7 36. e4 f5 37. hxg5 hxg5 38. exf5 Kf6 39. g4
Ke5 40. Ke3 Kf6 41. c5 dxc5 42. d6 Kf7 43. Ke4 Kf6 44. Kd5 Kf7 45. Ke5 Kf8 46.
f6 Ke8 47. Ke6 c4 48. f7+ Kf8 49. d7 1-0

[Event "KreisEM Mfr. Mitte"]
[Site "Nürnberg"]
[Date "2018.01.19"]
[Round "1.8"]
[White "Duong, Ba Duc"]
[Black "Dyroff, Roland"]
[Result "0-1"]
[WhiteElo "1559"]
[BlackElo "1814"]
[PlyCount "128"]
[EventDate "2018.??.??"]
[WhiteTeam "SK Nürnberg"]
[BlackTeam "SW Nürnberg Süd"]

1. e4 e5 2. Nf3 Nc6 3. Bc4 Bc5 4. d3 d6 5. Be3 Bxe3 6. fxe3 Na5 7. Nbd2 Nxc4 8.
Nxc4 f5 9. exf5 Bxf5 10. h3 Be6 11. Ncd2 Nf6 12. Ng5 Bd7 13. Qe2 Qe7 14. O-O-O
Bc6 15. Rhf1 g6 16. Rf2 O-O-O 17. Rdf1 Rhf8 18. e4 Kb8 19. Rf3 h6 20. Qf2 Nd7
21. Nf7 Rc8 22. Qg3 h5 23. Qxg6 Rg8 24. Qxh5 Rxg2 25. Nc4 Ba4 26. b3 d5 27.
exd5 e4 28. Re3 Bb5 29. Rxe4 Qb4 30. Re2 Rxe2 31. Qxe2 Qc3 32. Nb2 Nc5 33. Rf4
Re8 34. Ne5 Qxe5 35. Qxe5 Rxe5 36. d4 Re1+ 37. Kd2 Re2+ 38. Kc3 Nd7 39. a4 Ba6
40. Rf7 Kc8 41. Rh7 Nf6 42. Rh8+ Kd7 43. Nc4 Nxd5+ 44. Kd3 Nf4+ 45. Kc3 Bxc4
46. bxc4 Re3+ 47. Kb4 Rxh3 48. Rxh3 Nxh3 49. c5 Ng5 50. a5 a6 51. d5 Ne4 52.
Kc4 Nf6 53. Kd4 Ke7 54. Ke5 Nd7+ 55. Kd4 Kf6 56. Kc4 Ke5 57. c6 bxc6 58. dxc6
Nb8 59. Kc5 Ke6 60. c3 Ke5 61. c4 Ke6 62. Kb4 Kd6 63. Ka4 Kc5 64. Kb3 Nxc6 0-1

[Event "KreisEM Mfr. Mitte"]
[Site "Nürnberg"]
[Date "2018.01.19"]
[Round "1.9"]
[White "Süß, Helmut"]
[Black "Dreiseitel, Werner"]
[Result "0-1"]
[WhiteElo "1912"]
[BlackElo "1571"]
[PlyCount "68"]
[EventDate "2018.??.??"]
[WhiteTeam "SC Noris-Tarrasch Nürnberg"]
[BlackTeam "SW Nürnberg Süd"]

1. d4 d5 2. Bf4 Nf6 3. e3 Bg4 4. Nf3 e6 5. h3 Bh5 6. Nbd2 Bd6 7. Bxd6 Qxd6 8.
c4 c6 9. Qb3 Qc7 10. Bd3 Nbd7 11. O-O Bg6 12. Bxg6 hxg6 13. Rac1 Qb6 14. Rc3
Rh5 15. c5 Qc7 16. Qc2 Ke7 17. Re1 Rah8 18. Kf1 g5 19. Ke2 g4 20. hxg4 Nxg4 21.
Nf1 Ndf6 22. Ng3 R5h6 23. b4 a6 24. Rg1 Nh5 25. Nxh5 Rxh5 26. Qb1 e5 27. Rcc1
e4 28. Nd2 f5 29. Rh1 Nh2 30. g3 Kf6 31. Rcg1 Qf7 32. Re1 Qg6 33. Rxh2 Rxh2 34.
Rf1 Qxg3 0-1

[Event "KreisEM Mfr. Mitte"]
[Site "Nürnberg"]
[Date "2018.01.19"]
[Round "1.10"]
[White "Nüßlein, Christian"]
[Black "Rausch, Wolfgang sr"]
[Result "1-0"]
[WhiteElo "1929"]
[BlackElo "1880"]
[PlyCount "47"]
[EventDate "2018.??.??"]
[WhiteTeam "SGem Nürnberg"]
[BlackTeam "SW Nürnberg Süd"]

1. b4 e5 2. Bb2 Nc6 3. b5 Nd4 4. e3 Ne6 5. Bxe5 Nf6 6. c4 d6 7. Bb2 c5 8. Nf3
Be7 9. Be2 O-O 10. O-O d5 11. d4 Ne4 12. Nc3 Nxc3 13. Bxc3 cxd4 14. Nxd4 Nc5
15. cxd5 Qxd5 16. Bf3 Qg5 17. Nb3 Na4 18. Be1 Qxb5 19. Nd4 Qd7 20. h3 Nc5 21.
Rc1 Rb8 22. Bb4 b6 23. Nc6 Qxd1 24. Nxe7+ 1-0

[Event "KreisEM Mfr. Mitte"]
[Site "Nürnberg"]
[Date "2018.01.19"]
[Round "1.11"]
[White "Rummel, Gerald"]
[Black "Scheitler, Wolfgang"]
[Result "1-0"]
[WhiteElo "1776"]
[BlackElo "1504"]
[PlyCount "41"]
[EventDate "2018.??.??"]
[WhiteTeam "SC Anderssen"]
[BlackTeam "SW Nürnberg Süd"]

1. Nf3 Nf6 2. d4 e6 3. Bf4 b6 4. Nbd2 Bb7 5. e3 Be7 6. Bd3 O-O 7. h3 d6 8. O-O
Nbd7 9. Qe2 c5 10. c3 Rc8 11. a4 cxd4 12. exd4 Nd5 13. Bh2 N7f6 14. Rfe1 h6 15.
Ne4 Qd7 16. a5 Nxe4 17. Bxe4 Nf6 18. Bd3 Qc6 19. Rec1 Ra8 20. c4 Rfc8 21. a6
1-0

[Event "KreisEM Mfr. Mitte"]
[Site "Nürnberg"]
[Date "2018.01.19"]
[Round "1.12"]
[White "Pörzgen, Michael"]
[Black "Klinger, Klaus"]
[Result "1-0"]
[WhiteElo "1729"]
[BlackElo "1411"]
[PlyCount "61"]
[EventDate "2018.??.??"]
[WhiteTeam "SW Nürnberg Süd"]
[BlackTeam "Zabo-Eintracht Nürnberg"]

1. e4 c6 2. d4 e6 3. Bf4 Qb6 4. b3 Nf6 5. Qd3 Nh5 6. Be3 Bd6 7. e5 Qa5+ 8. Bd2
Bb4 9. c3 Ba3 10. Nxa3 Qxa3 11. Bc1 Qe7 12. g4 Qh4 13. gxh5 Qxh5 14. Be2 Qh4
15. Nf3 Qe7 16. Rg1 f6 17. exf6 Qxf6 18. Bg5 Qf5 19. Qxf5 exf5 20. O-O-O d5 21.
Rde1 Be6 22. Ba6 bxa6 23. Rxe6+ Kd7 24. Rge1 h6 25. Re7+ Kc8 26. Bf4 g5 27. Bd6
Nd7 28. R1e6 g4 29. Ne5 Nxe5 30. Bxe5 h5 31. Bxh8 1-0

[Event "KreisEM Mfr. Mitte"]
[Site "Nürnberg"]
[Date "2018.01.19"]
[Round "1.13"]
[White "Lingl, Peter"]
[Black "Dippel, Jörg"]
[Result "0-1"]
[WhiteElo "1654"]
[BlackElo "1805"]
[PlyCount "64"]
[EventDate "2018.??.??"]
[WhiteTeam "SC JÄKLECHEMIE"]
[BlackTeam "SC Anderssen"]

1. e4 e6 2. d4 d5 3. Nc3 dxe4 4. Nxe4 Bd7 5. Nf3 Bc6 6. Bd3 Nd7 7. O-O Ngf6 8.
Re1 Be7 9. c3 Bxe4 10. Bxe4 Nxe4 11. Rxe4 Nf6 12. Re3 O-O 13. Ne5 c5 14. Rd3
Qc7 15. Bf4 Bd6 16. Rg3 Rfd8 17. Qe2 cxd4 18. cxd4 Rac8 19. Rc3 Qe7 20. Rac1
Rxc3 21. Rxc3 Nd5 22. Rf3 Nxf4 23. Rxf4 f6 24. Nd3 Bxf4 25. Nxf4 Rxd4 26. g3
Rd6 27. Qc4 Rc6 28. Qb3 g5 29. Ne2 Kg7 30. Nd4 Rb6 31. Qc3 Qd7 32. Qd2 Rd6 0-1

[Event "KreisEM Mfr. Mitte"]
[Site "Nürnberg"]
[Date "2018.01.19"]
[Round "1.15"]
[White "Dreiseitel, Ursula"]
[Black "Paul, Arthur"]
[Result "0-1"]
[WhiteElo "1457"]
[BlackElo "1432"]
[PlyCount "132"]
[EventDate "2018.??.??"]
[WhiteTeam "SW Nürnberg Süd"]
[BlackTeam "SW Nürnberg Süd"]

1. d4 d5 2. Nf3 Nf6 3. Bf4 e6 4. e3 Bd6 5. Ne5 Nbd7 6. Be2 O-O 7. O-O c5 8. c3
Qc7 9. Nxd7 Bxd7 10. Bxd6 Qxd6 11. Nd2 e5 12. Nf3 e4 13. Ne5 Bf5 14. Bg4 Nxg4
15. Nxg4 c4 16. f4 b5 17. Qe2 a5 18. Nf2 b4 19. g4 Bd7 20. Rac1 a4 21. cxb4
Qxb4 22. a3 Qd6 23. Nd1 Rab8 24. Rc2 Rb3 25. Nc3 Rfb8 26. h3 R8b6 27. Qg2 Bc6
28. Re1 Bd7 29. Ree2 Ra6 30. Kf1 Ra5 31. Kg1 Rb6 32. Kf1 Qb8 33. Kg1 Rg6 34.
Kf1 Qc8 35. Qh2 h5 36. f5 Rf6 37. Rf2 Qc6 38. Qe5 hxg4 39. hxg4 Qd6 40. Qxd6
Rxd6 41. Rh2 g6 42. Rcf2 Kg7 43. Rhg2 f6 44. fxg6 Kxg6 45. Rf4 Kg5 46. Kf2 Ra8
47. Kg3 Rh8 48. Rgf2 Rh4 49. Rf1 Bxg4 50. Nxa4 Rh3+ 51. Kf2 f5 52. Rg1 Rdh6 53.
Nc3 Rh2+ 54. Rg2 R6h3 55. Nxd5 Rh1 56. Nc3 Rc1 57. Nxe4+ Kg6 58. Ng3 Rb1 59.
Ne2 Rxb2 60. Kf1 Kh6 61. Nc3 Rb3 62. Rc2 Rxe3 63. Nd5 Rb1+ 64. Kf2 Rxa3 65. Ne3
Kg5 66. Kg3 Rxe3+ 0-1

[Event "KreisEM Mfr. Mitte"]
[Site "Nürnberg"]
[Date "2018.01.19"]
[Round "1.16"]
[White "Wagner, Alexander"]
[Black "Albayrak, Nese Pinar"]
[Result "1-0"]
[WhiteElo "1695"]
[BlackElo "1370"]
[PlyCount "59"]
[EventDate "2018.??.??"]
[WhiteTeam "SW Nürnberg Süd"]
[BlackTeam "Zabo-Eintracht Nürnberg"]

1. e4 e5 2. Nf3 Nc6 3. Bc4 Bc5 4. d3 h6 5. Nc3 d6 6. a3 a5 7. Be3 Bb6 8. Bxb6
cxb6 9. Nb5 Nf6 10. h3 O-O 11. g4 Be6 12. Bxe6 fxe6 13. g5 hxg5 14. Nxg5 Re8
15. h4 g6 16. h5 gxh5 17. Rxh5 Nxh5 18. Qxh5 Re7 19. O-O-O Qe8 20. Qh4 Qf8 21.
Qh5 Qe8 22. Qh3 Nd8 23. Rh1 Nf7 24. Nxf7 Kxf7 25. Nxd6+ Kf6 26. Qh4+ Kg7 27.
Qh7+ Kf6 28. Qh4+ Kg7 29. Qh6+ Kg8 30. Qh8# 1-0

[Event "KreisEM Mfr. Mitte"]
[Site "Nürnberg"]
[Date "2018.01.19"]
[Round "1.17"]
[White "Hutzler, Udo"]
[Black "Hahn, Thomas"]
[Result "0-1"]
[WhiteElo "1366"]
[BlackElo "1674"]
[PlyCount "100"]
[EventDate "2018.??.??"]
[WhiteTeam "SK Nürnberg"]
[BlackTeam "Zabo-Eintracht Nürnberg"]

1. d4 f5 2. c4 g6 3. g3 Bg7 4. e3 Nf6 5. Bg2 O-O 6. Nc3 d6 7. Nf3 c6 8. O-O Re8
9. Rb1 Na6 10. b4 Bd7 11. b5 Nc7 12. Qb3 Rb8 13. a4 e5 14. dxe5 dxe5 15. Ba3 h6
16. Rfd1 Qc8 17. b6 axb6 18. Qxb6 Na8 19. Qa7 Bf8 20. Bxf8 Kxf8 21. Qc5+ Kg7
22. Nxe5 Be6 23. Ne2 Nc7 24. Nf4 Bf7 25. Rd6 Ne6 26. Nxe6+ Rxe6 27. Rbd1 Qf8
28. Qd4 Rxd6 29. Qxd6 Re8 30. Qc7 Qe7 31. Qxe7 Rxe7 32. Nxf7 Kxf7 33. a5 Re5
34. Ra1 Rc5 35. a6 bxa6 36. Rxa6 Ne4 37. h4 Rxc4 38. Bf3 Ke6 39. Bxe4 fxe4 40.
g4 Rc1+ 41. Kg2 Kd5 42. f3 exf3+ 43. Kxf3 Rf1+ 44. Kg2 Rf6 45. Ra4 c5 46. Rf4
Rxf4 47. exf4 c4 48. g5 hxg5 49. f5 gxf5 50. hxg5 c3 0-1

[Event "KreisEM Mfr. Mitte"]
[Site "Nürnberg"]
[Date "2018.01.19"]
[Round "1.18"]
[White "Walch, Roger"]
[Black "Majid, Hakim"]
[Result "1-0"]
[WhiteElo "1701"]
[BlackElo "1314"]
[PlyCount "73"]
[EventDate "2018.??.??"]
[WhiteTeam "SW Nürnberg Süd"]
[BlackTeam "SW Nürnberg Süd"]

1. e4 e5 2. Nf3 Nc6 3. Bb5 d6 4. h3 Bd7 5. c3 Nf6 6. d3 a6 7. Ba4 Be7 8. O-O b5
9. Bc2 O-O 10. a3 Qc8 11. Kh2 Nd8 12. d4 exd4 13. cxd4 Ne6 14. Nc3 c6 15. Qd3
g6 16. Bh6 Re8 17. Rac1 Nh5 18. Ne2 Qc7 19. Kh1 Bf6 20. g4 Nhg7 21. b4 Qd8 22.
Rcd1 Bg5 23. Nxg5 Nxg5 24. Nc3 N5e6 25. Qg3 Qe7 26. f4 Nf8 27. Bxg7 Kxg7 28. f5
Kh8 29. f6 Qe6 30. Qe3 Qc4 31. Qh6 Ne6 32. d5 cxd5 33. exd5 Qxc3 34. Be4 Rg8
35. dxe6 Bc6 36. Bxc6 Qxc6+ 37. Kh2 1-0

[Event "KreisEM Mfr. Mitte"]
[Site "Nürnberg"]
[Date "2018.01.19"]
[Round "1.19"]
[White "Steindl, Horst"]
[Black "Schöne, Steffen"]
[Result "0-1"]
[WhiteElo "1306"]
[BlackElo "1895"]
[PlyCount "96"]
[EventDate "2018.??.??"]
[WhiteTeam "SW Nürnberg Süd"]
[BlackTeam "Zabo-Eintracht Nürnberg"]

1. d4 Nf6 2. Bf4 g6 3. Nf3 Bg7 4. e3 O-O 5. Bd3 d6 6. Nbd2 Nbd7 7. Ne4 Nxe4 8.
Bxe4 Nf6 9. Bd3 b6 10. Bg5 Bb7 11. Bxf6 exf6 12. O-O f5 13. Be2 g5 14. Nd2 g4
15. f3 h5 16. fxg4 fxg4 17. Rf5 Qe7 18. Nf1 Qe4 19. Rf2 Bh6 20. Qd3 Rae8 21.
Qxe4 Bxe4 22. Bd3 f5 23. Bxe4 Rxe4 24. Re1 f4 25. g3 f3 26. c3 Rfe8 27. Rd2
Bxe3+ 28. Nxe3 Rxe3 29. Rxe3 Rxe3 30. Kf2 Re7 31. b3 Kf7 32. d5 Re4 33. c4 Kf6
34. Rc2 Ke5 35. Rd2 a5 36. a3 Rd4 37. Rc2 Rd3 38. Rb2 Kd4 39. a4 Kc3 40. Rb1
Kc2 41. Re1 Rd2+ 42. Ke3 Re2+ 43. Rxe2+ fxe2 44. Kxe2 Kxb3 45. Kd3 Kxa4 46. Kc3
Ka3 47. Kc2 Kb4 48. Kd3 a4 0-1

[Event "KreisEM Mfr. Mitte"]
[Site "Nürnberg"]
[Date "2018.01.19"]
[Round "1.20"]
[White "Mantel, Hubert"]
[Black "Merdian, Nick"]
[Result "0-1"]
[WhiteElo "1744"]
[BlackElo "1296"]
[PlyCount "82"]
[EventDate "2018.??.??"]
[WhiteTeam "SC Noris-Tarrasch Nürnberg"]
[BlackTeam "SC Postbauer-Heng"]

1. e4 c5 2. Nc3 d6 3. g3 Nf6 4. Bg2 Bg4 5. Nge2 Nc6 6. h3 Bd7 7. d3 g6 8. Be3
Bg7 9. Qd2 O-O 10. Bh6 Qc8 11. h4 Bg4 12. f3 Bd7 13. g4 Ne5 14. Bxg7 Kxg7 15.
h5 b5 16. hxg6 fxg6 17. Qh6+ Kg8 18. Nd5 Rf7 19. Nef4 Nxd5 20. Nxd5 Bc6 21. Nf4
Qf8 22. Qh2 Bd7 23. O-O-O a5 24. d4 cxd4 25. Rxd4 Qg7 26. Rd5 Qf6 27. Nh3 Rc8
28. g5 Qg7 29. Qg3 Nc4 30. c3 b4 31. Rd4 bxc3 32. bxc3 Nb6 33. Kd2 Nc4+ 34. Kc1
Na3 35. e5 Nb5 36. Kd2 Nxd4 37. cxd4 Rf5 38. f4 Qf7 39. Qa3 Qc4 40. Qb2 Rff8
41. Rf1 Rb8 0-1

[Event "KreisEM Mfr. Mitte"]
[Site "Nürnberg"]
[Date "2018.01.19"]
[Round "1.21"]
[White "Hauck, Martin"]
[Black "Meyer, Robert"]
[Result "1-0"]
[WhiteElo "1440"]
[BlackElo "1729"]
[PlyCount "51"]
[EventDate "2018.??.??"]
[WhiteTeam "SC Noris-Tarrasch Nürnberg"]
[BlackTeam "SC Stein"]

1. e4 e6 2. Nf3 d5 3. exd5 exd5 4. d4 Nf6 5. Bd3 Bd6 6. Nc3 c6 7. h3 O-O 8. Be3
Re8 9. Qd2 Ne4 10. Qe2 f5 11. g3 Nxg3 12. fxg3 Bxg3+ 13. Kd2 f4 14. Qg2 Rxe3
15. Ne2 Qf6 16. Nxg3 Rxd3+ 17. cxd3 fxg3 18. Qxg3 Bf5 19. Rae1 Na6 20. Qe5 Qf8
21. Rhg1 Bxh3 22. Rxg7+ Qxg7 23. Rg1 Qxg1 24. Nxg1 Bd7 25. Qe7 Be8 26. Qxb7 1-0

[Event "KreisEM Mfr. Mitte"]
[Site "Nürnberg"]
[Date "2018.01.19"]
[Round "1.22"]
[White "Babichev, Vyacheslav"]
[Black "Albayrak, Melissa"]
[Result "1-0"]
[WhiteElo "1831"]
[BlackElo "993"]
[PlyCount "83"]
[EventDate "2018.??.??"]
[WhiteTeam "SW Nürnberg Süd"]
[BlackTeam "Zabo-Eintracht Nürnberg"]

1. e4 e5 2. Nf3 Nc6 3. d4 d6 4. dxe5 Nxe5 5. Nxe5 dxe5 6. Qxd8+ Kxd8 7. Bc4 Ke8
8. f4 exf4 9. Bxf4 c6 10. Nd2 Bb4 11. c3 Bc5 12. O-O-O Bg4 13. Nf3 Nf6 14. h3
Nxe4 15. hxg4 Nf2 16. Rh5 Nxd1 17. Rxc5 Nf2 18. Re5+ Kf8 19. Rf5 f6 20. g5 Ne4
21. gxf6 gxf6 22. Bd3 Nf2 23. Bc4 Ne4 24. Bh6+ Ke7 25. Rf4 Nd6 26. Bd3 Nf7 27.
Bg7 Rhd8 28. Bxf6+ Ke8 29. Bxd8 Rxd8 30. Bxh7 Nd6 31. Bg6+ Ke7 32. g4 Rg8 33.
Bh5 Ne8 34. Rf7+ Ke6 35. Rxb7 Nf6 36. Bf7+ Kd6 37. Bxg8 Nxg8 38. Rxa7 Nf6 39.
g5 Ng8 40. a4 c5 41. a5 Kc6 42. Rg7 1-0

[Event "KreisEM Mfr. Mitte"]
[Site "Nürnberg"]
[Date "2018.01.19"]
[Round "1.23"]
[White "Walisch, Wilfried"]
[Black "Diebel, Günter"]
[Result "0-1"]
[WhiteElo "956"]
[BlackElo "1786"]
[PlyCount "96"]
[EventDate "2018.??.??"]
[WhiteTeam "SW Nürnberg Süd"]
[BlackTeam "SW Nürnberg Süd"]

1. c4 e5 2. g3 Nf6 3. Bg2 c6 4. Nc3 d5 5. cxd5 cxd5 6. e3 Be6 7. Nf3 Bg4 8. h3
Bh5 9. g4 Nxg4 10. hxg4 Bxg4 11. Qa4+ Bd7 12. Qb3 Bc6 13. Nxe5 Qg5 14. Bxd5
Qxe5 15. Bxc6+ bxc6 16. Qb7 Be7 17. Qxa8 Qc7 18. Nd5 cxd5 19. Qxd5 O-O 20. Qh5
h6 21. b3 Bf6 22. Rb1 Qc2 23. O-O Qxb1 24. Ba3 Qg6+ 25. Qxg6 fxg6 26. Bxf8 Kxf8
27. Rc1 Be5 28. d4 Bd6 29. e4 Bf4 30. Rd1 Ke7 31. Kg2 g5 32. Kf3 g6 33. e5 Nc6
34. Rd3 Bxe5 35. d5 Nb4 36. Re3 Kd6 37. a3 Nxd5 38. Rd3 Ke6 39. Ke4 Nf6+ 40.
Kf3 g4+ 41. Kg2 Nd5 42. Rd1 h5 43. Re1 h4 44. b4 h3+ 45. Kh1 Kf5 46. a4 Nxb4
47. Rb1 Nd3 48. Rf1 Kf4 0-1